| 000 | 00970nam a2200337 4500 | ||
|---|---|---|---|
| 001 | 0000335840 | ||
| 003 | DO-SdBNP | ||
| 005 | 20180326142537.0 | ||
| 007 | 0000335840 | ||
| 008 | 921118s1990 sp | | spa d | ||
| 016 | 7 |
_a _z _2BPMSU |
|
| 017 |
_a _b |
||
| 020 | _a8434827492 | ||
| 035 | _a | ||
| 040 |
_aBPMSU _bspa _cBPMSU |
||
| 080 | 4 | _a | |
| 100 | 1 |
_aArmijo, Consuelo, _d1940- |
|
| 245 | 1 | 1 |
_a¡Piiii! / _cConsuelo Armijo ; ilustraciones de Antonio Tello. _h |
| 250 | _a2ª ed. | ||
| 260 |
_aMadrid : _bSM, _c1990. |
||
| 300 |
_a62 p. : _bil. ; _c19 cm. |
||
| 490 | 1 |
_aEl barco de vapor _v158 |
|
| 490 | 1 |
_aSerie blanca _v26 |
|
| 586 | _aPremio Nacional a la mejor labor editorial en literatura infantil y juvenil, 1982 | ||
| 700 | 1 |
_aTello, Antonio _d1951- |
|
| 830 | 0 |
_aEl barco de vapor _v158 |
|
| 830 | 0 |
_aSerie blanca _v 26 |
|
| 942 |
_2ddc _cBK |
||
| 945 | _aInventariado, 2018 /LP | ||
| 956 |
_aVMATEO _b10 _c20151209 _hBPMSU _d00151 |
||
| 999 |
_c9083 _d9083 |
||